[Event "Monte Grande Ponzo Cup U2200 12th"]
[Site "Monte Grande"]
[Date "2015.06.13"]
[Round "1.6"]
[White "Begue, Jorge"]
[Black "Ponzo, Hector"]
[Result "0-1"]
[WhiteElo "1548"]
[BlackElo "1902"]
[PlyCount "82"]
[EventDate "2015.06.13"]
[EventType "swiss"]
[EventRounds "7"]
[EventCountry "ARG"]
[SourceTitle "EXT 2024"]
[Source "ChessBase"]
[SourceDate "2023.10.10"]
[SourceVersion "1"]
[SourceVersionDate "2023.10.10"]
[SourceQuality "1"]

1. d4 d6 2. c4 Nf6 3. Nc3 g6 4. e4 Bg7 5. f4 0-0 6. Nf3 c5 7. d5 Nbd7 8. Be2 Ne8 9. 0-0 a6 10. a4 Nc7 11. Be3 Rb8 12. Qc2 b6 13. h4 Nf6 14. e5 Ng4 15. Bd2 dxe5 16. fxe5 Nxe5 17. Nxe5 Bxe5 18. h5 Bf5 19. Rxf5 gxf5 20. Qxf5 Bd4+ 21. Kh1 e6 22. Qg4+ Kh8 23. Bf3 f5 24. Qh3 e5 25. Rf1 f4 26. b3 Rg8 27. Be1 Qg5 28. Ne4 Qg7 29. Bh4 Rbf8 30. Ng5 h6 31. Ne6 Nxe6 32. Qxe6 Re8 33. Qxb6 e4 34. Qg6 Qxg6 35. hxg6 exf3 36. Rxf3 Rxg6 37. Rxf4 Reg8 38. g3 Rb8 39. Rf7 Rxb3 40. Be7 Rbxg3 41. d6 Rh3# 0-1